000
00323 a2200157 4500
001
180983
020
_a
040
_c
Magnum
100
_a
Dolbier, Maurice
240
1
0
_a
Paulo, o madeireiro
_l
por
245
1
0
_a
Paulo, o madeireiro
362
0
_a
1899
440
1
_a
Record
697
_a
MAGNITO: J/GERAL
942
_c
BK
999
_c
180983
_d
180983